Chemical process perfofmance evaluation/ (Record no. 138856)

MARC details
000 -LEADER
fixed length control field 00754nam a2200253 a 4500
008 - FIXED-LENGTH DATA ELEMENTS--GENERAL INFORMATION
fixed length control field
020 ## - INTERNATIONAL STANDARD BOOK NUMBER
International Standard Book Number 0849338069 (hbk.)
049 ## - LOCAL HOLDINGS (OCLC)
Holding library MAIN
090 ## - LOCALLY ASSIGNED LC-TYPE CALL NUMBER (OCLC); LOCAL CALL NUMBER (RLIN)
Classification number (OCLC) (R) ; Classification number, CALL (RLIN) (NR) TP155.75
Local cutter number (OCLC) ; Book number/undivided call number, CALL (RLIN) CIN
003 - CONTROL NUMBER IDENTIFIER
control field
005 - DATE AND TIME OF LATEST TRANSACTION
control field 20230123125300.0
040 ## - CATALOGING SOURCE
Transcribing agency NUST
100 1# - MAIN ENTRY--PERSONAL NAME
Personal name Cinar, Ali.
245 10 - TITLE STATEMENT
Title Chemical process perfofmance evaluation/
Remainder of title Ali Cinar, Ahmet Palazoglu and Ferhan Kayihan.
260 ## - PUBLICATION, DISTRIBUTION, ETC.
Place of publication, distribution, etc. London :
Name of publisher, distributor, etc. CRC press,
Date of publication, distribution, etc. 2007.
440 ## - SERIES STATEMENT/ADDED ENTRY--TITLE
Title Chemical industries.
500 ## - GENERAL NOTE
General note Includes index.
500 ## - GENERAL NOTE
General note Includes bibliographical references.
650 #1 - SUBJECT ADDED ENTRY--TOPICAL TERM
Topical term or geographic name entry element Chemical process control.
700 ## - ADDED ENTRY--PERSONAL NAME
Personal name Kayihan, Ferhan.
700 ## - ADDED ENTRY--PERSONAL NAME
Personal name Palazoglu, Ahmet.
907 ## - LOCAL DATA ELEMENT G, LDG (RLIN)
a .b10297297
b 21-02-13
c 27-05-11
942 ## - ADDED ENTRY ELEMENTS (KOHA)
Koha item type Ordinary Loan Books
Call number prefix TP155.75
Call number suffix CIN
Holdings
Date last seen Total Checkouts Full call number Barcode Cost, replacement price Price effective from Koha item type Lost status Source of classification or shelving scheme Damaged status Not for loan Collection Withdrawn status Home library Current library Shelving location Date acquired Cost, normal purchase price
01/23/2023   TP155.75 CIN 92004021891 80.00 01/23/2023 BOOKS   LCC     NFIC   MAIN MAIN GEN 01/23/2023 80.00